[Event "HUN-chT2 Barcza 0910"]
[Site "Hungary"]
[Date "2010.02.28"]
[Round "7.2"]
[White "Kiss, Sandor"]
[Black "Eberth, Zoltan"]
[Result "0-1"]
[WhiteElo "2093"]
[BlackElo "2157"]
[PlyCount "56"]
[EventDate "2009.11.08"]
[EventType "team-tourn"]
[EventRounds "11"]
[EventCountry "HUN"]
[SourceTitle "EXT 2011"]
[Source "ChessBase"]
[SourceDate "2010.11.26"]
[SourceVersion "1"]
[SourceVersionDate "2010.11.26"]
[SourceQuality "1"]
[WhiteTeam "Tiszavasvar"]
[BlackTeam "Mezokovesd"]
[WhiteTeamCountry "HUN"]
[BlackTeamCountry "HUN"]

1. d4 f5 2. g4 fxg4 3. e4 d5 4. Nc3 dxe4 5. Nxe4 Nf6 6. Bg2 Nc6 7. Be3 e5 8. Nxf6+ Qxf6 9. d5 Nd4 10. c3 Nf5 11. Qd2 Nxe3 12. Qxe3 Qf4 13. Qd3 Bd7 14. Ne2 Qf5 15. Qe3 Be7 16. h3 Qg5 17. Qxg5 Bxg5 18. hxg4 Bxg4 19. Be4 Kf7 20. Rg1 h5 21. f3 Bh4+ 22. Kd2 Bd7 23. Bg6+ Kf6 24. f4 Bg4 25. f5 Bg5+ 26. Kd3 e4+ 27. Kxe4 Bxe2 28. Rae1 Rae8+ 0-1

[Event "HUN-chT2 Barcza 0708"]
[Site "Hungary"]
[Date "2008.05.18"]
[Round "11"]
[White "Kiss, Sandor"]
[Black "Zelei, Imre"]
[Result "1-0"]
[WhiteElo "2111"]
[BlackElo "1902"]
[PlyCount "73"]
[EventDate "2007.10.14"]
[EventType "team"]
[EventRounds "11"]
[EventCountry "HUN"]
[SourceTitle "EXT 2009"]
[Source "ChessBase"]
[SourceDate "2008.11.26"]
[SourceVersion "1"]
[SourceVersionDate "2008.11.26"]
[SourceQuality "1"]
[WhiteTeam "Tiszavasvar"]
[BlackTeam "Tiszaujvaros"]
[WhiteTeamCountry "HUN"]
[BlackTeamCountry "HUN"]

1. d4 d5 2. Nf3 Nc6 3. c4 e5 4. cxd5 Qxd5 5. Nc3 Bb4 6. Bd2 Bxc3 7. Bxc3 Bg4 8. Nxe5 Nxe5 9. dxe5 Ne7 10. f3 Be6 11. e4 Qc5 12. Qd4 Qxd4 13. Bxd4 0-0-0 14. Bc3 Nc6 15. Kf2 h5 16. Be2 Nd4 17. Rhd1 Nxe2 18. Kxe2 a6 19. b3 g5 20. Rxd8+ Rxd8 21. Rd1 Rxd1 22. Kxd1 Kd7 23. Ke2 c5 24. Bd2 g4 25. Ke3 Ke7 26. Kf4 f6 27. exf6+ Kxf6 28. Bc3+ Kg6 29. Ke5 Bf7 30. f4 Be8 31. f5+ Kf7 32. g3 Bc6 33. Kf4 b5 34. a3 Ke7 35. b4 c4 36. Bd4 Be8 37. e5 1-0

[Event "HUN-chT2 Barcza 0708"]
[Site "Hungary"]
[Date "2008.04.27"]
[Round "10"]
[White "Hando, Vilmos"]
[Black "Kiss, Sandor"]
[Result "1-0"]
[WhiteElo "2190"]
[BlackElo "2111"]
[PlyCount "43"]
[EventDate "2007.10.14"]
[EventType "team"]
[EventRounds "11"]
[EventCountry "HUN"]
[SourceTitle "EXT 2009"]
[Source "ChessBase"]
[SourceDate "2008.11.26"]
[SourceVersion "1"]
[SourceVersionDate "2008.11.26"]
[SourceQuality "1"]
[WhiteTeam "Kazincbarcika II"]
[BlackTeam "Tiszavasvar"]
[WhiteTeamCountry "HUN"]
[BlackTeamCountry "HUN"]

1. d4 d5 2. Nf3 e6 3. c4 c5 4. e3 Nf6 5. Nc3 Nc6 6. a3 Ne4 7. Qc2 Qa5 8. Rb1 Nxc3 9. bxc3 Qc7 10. Bd3 dxc4 11. Bxc4 Bd6 12. e4 e5 13. dxe5 Nxe5 14. Nxe5 Bxe5 15. f4 Bxf4 16. Rf1 g5 17. g3 Bxg3+ 18. hxg3 Qxg3+ 19. Rf2 0-0 20. Qd3 Qh4 21. Qf3 Be6 22. Bxg5 1-0

[Event "HUN-chT2 Barcza 0708"]
[Site "Hungary"]
[Date "2008.03.16"]
[Round "8"]
[White "Kiss, Sandor"]
[Black "Kanyadi, Zoltan"]
[Result "1/2-1/2"]
[WhiteElo "2111"]
[BlackElo "2121"]
[PlyCount "43"]
[EventDate "2007.10.14"]
[EventType "team"]
[EventRounds "11"]
[EventCountry "HUN"]
[SourceTitle "EXT 2009"]
[Source "ChessBase"]
[SourceDate "2008.11.26"]
[SourceVersion "1"]
[SourceVersionDate "2008.11.26"]
[SourceQuality "1"]
[WhiteTeam "Tiszavasvar"]
[BlackTeam "Lokomotiv"]
[WhiteTeamCountry "HUN"]
[BlackTeamCountry "HUN"]

1. d4 Nf6 2. Nf3 c5 3. g3 g6 4. Bg2 Bg7 5. 0-0 cxd4 6. Nxd4 Nc6 7. c4 0-0 8. Nc3 a6 9. Nxc6 bxc6 10. Qb3 Qc7 11. Qa3 Re8 12. c5 a5 13. Bf4 e5 14. Bg5 Ba6 15. Rfd1 h6 16. Bxf6 Bxf6 17. Ne4 Bg7 18. Bh3 Re7 19. Rd2 f5 20. Nd6 e4 21. Qb3+ Kh8 22. Qe3 1/2-1/2

[Event "HUN-chT2 Barcza 0708"]
[Site "Hungary"]
[Date "2007.12.16"]
[Round "5"]
[White "Landenberger, Laszlo"]
[Black "Kiss, Sandor"]
[Result "1/2-1/2"]
[WhiteElo "2143"]
[BlackElo "2111"]
[PlyCount "115"]
[EventDate "2007.10.14"]
[EventType "team"]
[EventRounds "11"]
[EventCountry "HUN"]
[SourceTitle "EXT 2009"]
[Source "ChessBase"]
[SourceDate "2008.11.26"]
[SourceVersion "1"]
[SourceVersionDate "2008.11.26"]
[SourceQuality "1"]
[WhiteTeam "Miskolc II"]
[BlackTeam "Tiszavasvar"]
[WhiteTeamCountry "HUN"]
[BlackTeamCountry "HUN"]

1. e4 d5 2. exd5 Qxd5 3. Nc3 Qd6 4. d4 Bf5 5. Nf3 Nc6 6. Bb5 0-0-0 7. Bxc6 Qxc6 8. 0-0 e6 9. Ne5 Qe8 10. Be3 f6 11. Nd3 Bd6 12. Qe2 Ne7 13. Rfd1 Nd5 14. Qf3 Qc6 15. Nxd5 Qxd5 16. Qxd5 exd5 17. Rac1 Rhe8 18. h3 g5 19. Kf1 h5 20. Re1 g4 21. h4 Re4 22. c3 Rde8 23. Nc5 R4e7 24. Bd2 b6 25. Nb3 Bd3+ 26. Kg1 Rxe1+ 27. Rxe1 Rxe1+ 28. Bxe1 f5 29. g3 f4 30. gxf4 Bxf4 31. Bd2 Bd6 32. Bg5 Kd7 33. Nd2 Ke6 34. Kg2 Kf5 35. f3 Bf4 36. Bxf4 Kxf4 37. fxg4 Kxg4 38. Kh2 Be4 39. Nf1 Kxh4 40. Ne3 Kg5 41. Kg3 h4+ 42. Kh3 c5 43. dxc5 bxc5 44. b4 cxb4 45. cxb4 d4 46. Nf1 Bf5+ 47. Kg2 Kf4 48. Kf2 Be4 49. a4 h3 50. b5 Bg2 51. Nd2 Bd5 52. Nb1 Bc4 53. Nd2 Bd3 54. Nf3 Bf1 55. Nxd4 h2 56. Ne2+ Kg5 57. Ng3 Bc4 58. Kg2 1/2-1/2

[Event "Miskolc Avas op 7th"]
[Site "Miskolc"]
[Date "2002.07.28"]
[Round "7"]
[White "Kiss, Sandor"]
[Black "Berczes, David"]
[Result "1-0"]
[WhiteElo "2075"]
[BlackElo "2205"]
[PlyCount "49"]
[EventDate "2002.07.??"]
[EventType "swiss"]
[EventRounds "7"]
[EventCountry "HUN"]
[SourceTitle "EXT 2004"]
[Source "ChessBase"]
[SourceDate "2003.11.25"]
[SourceVersion "1"]
[SourceVersionDate "2003.11.25"]
[SourceQuality "1"]

1. d4 Nf6 2. c4 e6 3. Nc3 Bb4 4. e3 c5 5. Bd3 b6 6. Nf3 Bb7 7. 0-0 Bxc3 8. bxc3 d6 9. Nd2 Nc6 10. Ne4 Na5 11. Ng3 Qc7 12. e4 Nd7 13. f4 Ba6 14. e5 Bb7 15. d5 0-0-0 16. Ne4 dxe5 17. fxe5 Nxe5 18. Bf4 exd5 19. Ng5 Rhe8 20. Nxf7 dxc4 21. Bf5+ Kb8 22. Nxd8 Rxd8 23. Bxe5 Rxd1 24. Bxc7+ Kxc7 25. Raxd1 1-0

[Event "Piremon Nyirsegi Torna op"]
[Site "Nyiregyhaza"]
[Date "2002.07.07"]
[Round "9"]
[White "Kiss, Sandor"]
[Black "Kovacs, Laszlo2222"]
[Result "1-0"]
[WhiteElo "2075"]
[BlackElo "2089"]
[PlyCount "61"]
[EventDate "2002.06.29"]
[EventType "swiss"]
[EventRounds "9"]
[EventCountry "HUN"]
[SourceTitle "EXT 2004"]
[Source "ChessBase"]
[SourceDate "2003.11.25"]
[SourceVersion "1"]
[SourceVersionDate "2003.11.25"]
[SourceQuality "1"]

1. d4 Nf6 2. c4 e6 3. Nf3 Bb4+ 4. Bd2 a5 5. Nc3 0-0 6. g3 d6 7. Bg2 Qe7 8. 0-0 c6 9. Qc2 Nbd7 10. e4 e5 11. Rfe1 Nb6 12. a3 exd4 13. axb4 dxc3 14. Bxc3 axb4 15. Rxa8 Nxa8 16. Bxb4 c5 17. Bc3 Nd7 18. e5 dxe5 19. Nxe5 Nxe5 20. Rxe5 Qd6 21. Rd5 Qa6 22. b3 Qb6 23. Qd2 Be6 24. Bxg7 Bxd5 25. Bxf8 Bxg2 26. Bd6 Be4 27. Qg5+ Bg6 28. Qe7 Kg7 29. Be5+ Kh6 30. Qh4+ Bh5 31. Bf6 1-0

[Event "Piremon Nyirsegi Torna op"]
[Site "Nyiregyhaza"]
[Date "2002.07.02"]
[Round "4"]
[White "Kiss, Sandor"]
[Black "Nagy, Ferenc"]
[Result "0-1"]
[WhiteElo "2075"]
[BlackElo "2142"]
[PlyCount "44"]
[EventDate "2002.06.29"]
[EventType "swiss"]
[EventRounds "9"]
[EventCountry "HUN"]
[SourceTitle "EXT 2004"]
[Source "ChessBase"]
[SourceDate "2003.11.25"]
[SourceVersion "1"]
[SourceVersionDate "2003.11.25"]
[SourceQuality "1"]

1. d4 Nf6 2. Nf3 d5 3. c4 c6 4. cxd5 cxd5 5. Nc3 a6 6. h3 g6 7. Bf4 Bg7 8. e3 0-0 9. Be2 Nc6 10. 0-0 Bf5 11. Rc1 Rc8 12. Ne5 Ne4 13. Nxc6 Rxc6 14. Nxe4 Rxc1 15. Qxc1 Bxe4 16. Bc7 Qd7 17. Qc5 Rc8 18. Rc1 e5 19. f3 Bf5 20. e4 dxe4 21. dxe5 Bh6 22. e6 Bxe6 0-1

[Event "HUN-chT2 9900"]
[Site "Hungary"]
[Date "2000.03.26"]
[Round "10"]
[White "Kiss, Sandor"]
[Black "Hajdu, Andras"]
[Result "1/2-1/2"]
[WhiteElo "2111"]
[BlackElo "2119"]
[PlyCount "41"]
[EventDate "1999.09.26"]
[EventType "team"]
[EventRounds "11"]
[EventCountry "HUN"]
[SourceTitle "EXT 2002"]
[Source "ChessBase"]
[SourceDate "2001.11.25"]
[SourceVersion "1"]
[SourceVersionDate "2001.11.25"]
[SourceQuality "1"]

1. e4 c5 2. Nc3 Nc6 3. g3 g6 4. Bg2 Bg7 5. Nge2 e6 6. a3 Nge7 7. b4 cxb4 8. axb4 Nxb4 9. Ba3 Na6 10. 0-0 Nc7 11. f4 d5 12. f5 gxf5 13. exf5 Nxf5 14. Rxf5 exf5 15. Nf4 Be6 16. Nxe6 Nxe6 17. Rb1 Bd4+ 18. Kh1 Bc5 19. Bxc5 Nxc5 20. Nxd5 0-0 21. Qf3 1/2-1/2

[Event "HUN-chT2 9900"]
[Site "Hungary"]
[Date "2000.02.27"]
[Round "8"]
[White "Szilagyi, Tibor"]
[Black "Kiss, Sandor"]
[Result "0-1"]
[WhiteElo "2092"]
[BlackElo "2111"]
[PlyCount "62"]
[EventDate "1999.09.26"]
[EventType "team"]
[EventRounds "11"]
[EventCountry "HUN"]
[SourceTitle "EXT 2002"]
[Source "ChessBase"]
[SourceDate "2001.11.25"]
[SourceVersion "1"]
[SourceVersionDate "2001.11.25"]
[SourceQuality "1"]

1. e4 d5 2. exd5 Qxd5 3. Nc3 Qd6 4. Nf3 Bf5 5. Be2 Nc6 6. 0-0 0-0-0 7. d3 Nf6 8. Re1 e5 9. Bg5 h6 10. Bh4 g5 11. Bg3 Bg7 12. Bf1 Nh5 13. Bxe5 Bxe5 14. Nxe5 Nxe5 15. Rxe5 Qxe5 16. Qxh5 Qe6 17. Qd1 h5 18. Qd2 Qf6 19. a4 g4 20. b4 Qh6 21. Qd1 h4 22. b5 Qf6 23. Qd2 Qd4 24. Ra3 g3 25. h3 Rhg8 26. Nd1 gxf2+ 27. Nxf2 Bxh3 28. Kh1 Bf5 29. a5 h3 30. gxh3 Qd5+ 31. Kh2 Qd6+ 0-1

[Event "HUN-chT2 9900"]
[Site "Hungary"]
[Date "2000.02.13"]
[Round "7"]
[White "Bandy, Attila"]
[Black "Kiss, Sandor"]
[Result "1-0"]
[WhiteElo "2103"]
[BlackElo "2057"]
[PlyCount "55"]
[EventDate "1999.09.26"]
[EventType "team"]
[EventRounds "11"]
[EventCountry "HUN"]
[SourceTitle "EXT 2002"]
[Source "ChessBase"]
[SourceDate "2001.11.25"]
[SourceVersion "1"]
[SourceVersionDate "2001.11.25"]
[SourceQuality "1"]

1. d4 Nf6 2. Nf3 e6 3. Bf4 c5 4. e3 Nc6 5. c3 Be7 6. Nbd2 d6 7. h3 cxd4 8. exd4 Nd5 9. Bh2 g5 10. Nc4 h5 11. Qc2 g4 12. Nfd2 b5 13. Ne3 Nxe3 14. fxe3 gxh3 15. 0-0-0 Bb7 16. Kb1 Rc8 17. Bxb5 a6 18. Ba4 Kf8 19. Rhg1 hxg2 20. d5 Nb4 21. Qb3 Nxd5 22. e4 Nxc3+ 23. bxc3 Bxe4+ 24. Ka1 Rxc3 25. Qxc3 Bf6 26. Bxd6+ Kg7 27. Be5 Bd5 28. Ne4 1-0